Brûlons Voltaire ! et autres pièces en un acte / (Record no. 168859)

MARC details
000 -LEADER
campo de control de longitud fija 00817nam a22002295i 4500
001 - NÚMERO DE CONTROL
campo de control 168859
003 - IDENTIFICADOR DE NÚMERO DE CONTROL
campo de control ES-MaACL
005 - FECHA Y HORA DE LA ÚLTIMA TRANSACCIÓN
campo de control 20230906213918.0
008 - DATOS DE LONGITUD FIJA--INFORMACIÓN GENERAL
campo de control de longitud fija 080616s1995 fr |||| | fre d
020 ## - NÚMERO INTERNACIONAL ESTÁNDAR DEL LIBRO
Número Internacional Estándar del Libro 2-07-039249-X
080 ## - NÚMERO DE LA CLASIFICACIÓN DECIMAL UNIVERSAL
Número de la Clasificación Decimal Universal 821.133.1-22"18"
100 1# - ENTRADA PRINCIPAL--NOMBRE DE PERSONA
Nombre de persona Labiche, Eugène.
9 (RLIN) 69236
245 10 - MENCIÓN DEL TÍTULO
Título Brûlons Voltaire ! et autres pièces en un acte /
Mención de responsabilidad, etc. Eugène Labiche ; édition présentée, établie et annotée par Olivier Barrot et Raymond Chirat.
260 ## - PUBLICACIÓN, DISTRIBUCIÓN, ETC.
Lugar de publicación, distribución, etc. [Paris] :
Nombre del editor, distribuidor, etc. Gallimard,
Fecha de publicación, distribución, etc. [1995]
300 ## - DESCRIPCIÓN FÍSICA
Extensión 281 p. ;
Dimensiones 18 cm.
490 1# - MENCIÓN DE SERIE
Mención de serie Folio théâtre ;
Designación de volumen o secuencia 22
700 1# - ENTRADA AGREGADA--NOMBRE PERSONAL
Nombre de persona Barrot, Olivier.
9 (RLIN) 137986
700 1# - ENTRADA AGREGADA--NOMBRE PERSONAL
Nombre de persona Chirat, Raymond.
9 (RLIN) 137987
830 0# - PUNTO DE ACCESO ADICIONAL DE SERIE-TÍTULO UNIFORME
Título uniforme Folio théâtre ;
Designación de volumen o secuencia 22
9 (RLIN) 222771
852 ## - LOCALIZACIÓN
Ubicación ES-MaACL
Número de control de estantería E-12195
itemnumber R.190418
Nota libre .- Biblioteca Jacinto Martínez Lacalle
Holdings
Estatus retirado Estado de pérdida Estado de daño No para préstamo Biblioteca de origen Biblioteca actual Ubicación en estantería Fecha de adquisición Fuente de adquisición Total de préstamos Signatura topográfica completa Código de barras Visto por última vez Precio de reemplazo Tipo de ítem Koha
        Biblioteca del Ateneo de Madrid Biblioteca del Ateneo de Madrid Depósito 2 16/06/2008     E-12195 1177210 23/02/2023 23/02/2023 Libro impreso